00642nam a22002177a 450000500170000000800410001702000180005804000210007604100080009708200150010524500640012025000120018426000320019630000100022865000320023865000230027070000330029370000330032670000270035970000380038620211117125459.0211117b ||||| |||| 00| 0 eng d a9789391060541 aIN-DiNCcIN-DiNC dasm a332.4bMUD aMudra aru bittiyo bojar/cby Minoti Gogoi Baruah and others a1st ed. aDibrugarh:bBanalata,c2021 a172p. aMoney and financial markets aMonetary economics aBaruah, Minoti Gogoieauthor aNeog, Brojen Chandraeauthor aBorah, Arindameauthor aHazarika, Bidisha Mahantaeauthor